00742nam a2200205Ia 4500003000900000008004100009020001800050040001600068080002100084245010200105260006100207300001400268490003300282650004100315650001800356700003300374942000700407999001700414952010500431IN-BaIIA211028s9999 xx 000 0 eng d a0-937707-40-6 cIIA Library a082.2:52bASP-21 4aThe space distribution of quasarscedited by David Crampton  aSan FranciscobAstronomical Society of the Pacificc1991 axv, 401p. aASP conference series; v. 21 aAstronomy and Astrophysics Thesaurus aQuasars91096 aCrampton, David., ed.917689 cBK c10947d10947 00104070aBANbBANcGENd1994-03-15l0o082.2:52/ ASP-21p11860r2021-11-05w1994-03-15yBK 40.00